Представление документа в формате RUSMARC

ПолеНазваниеЗначение
  Тип записи a
  Библиографический уровень a
001 Контрольный номер RU/CBS_Ul/BASE/486556896
005 Дата корректировки 20240209175148.6
100 Данные общей обработки __
a Данные общей обработки 20150602d2015 ||| 0rusy0189 ca
101 Язык документа 0_
a Язык текста rus
102 Страна публикации __
a Страна публикации RU
105 Кодированные данные (монография) __
a Кодированные данные (монография) y###||||000|y
200 Заглавие и сведения об ответственности 1_
a Заглавие Подвиг юных
b Общее обозначение материала Текст
e Сведения, относящиеся к заглавию [дети герои Великой Отечественной войны]
f Первые сведения об ответственности С. Куличкин
300 Общие примечания __
a Общие примечания Ограничения по возрасту - 6+
461 Уровень набора _0
1 2000
a Детская роман-газета
463 Уровень физической единицы _0
1 001RU/CBS_Ul/BASE/486553624
1 2000
a № 5
v С. 32-36
1 210
d 2015
600 Персоналии _0
a Персоналии (Фамилия) Чекалин
b Персоналии (Имя, инициалы) А. П.
600 Персоналии _0
a Персоналии (Фамилия) Голиков
b Персоналии (Имя, инициалы) Л. А.
600 Персоналии _0
a Персоналии (Фамилия) Казей
b Персоналии (Имя, инициалы) М. И.
600 Персоналии _0
a Персоналии (Фамилия) Котик
b Персоналии (Имя, инициалы) В. А.
606 Тематические рубрики 0_
a Основная рубрика Великая Отечественная война - 1941 - 1945 - Герои и героизм - Дети
610 Ключевые слова 0_
a Ключевые слова ВОВ
610 Ключевые слова 0_
a Ключевые слова войны
610 Ключевые слова 0_
a Ключевые слова дети герои
610 Ключевые слова 0_
a Ключевые слова партизаны
610 Ключевые слова 0_
a Ключевые слова подвиги
686 Индексы других классификаций __
a Классификационный индекс 63.3(2)622.78
2 Код системы ББК
700 Автор _1
a Фамилия Куличкин
b Имя (инициалы) С.
g Полное личное имя Сергей
801 Источник записи _0
a Страна RU
b Организация МБУК ЦБС г. Ульяновска
c Дата составления 20150602
g Правила каталогизации RCR
801 Источник записи _1
a Страна RU
b Организация МБУК ЦБС г. Ульяновска
c Дата составления 20150602
g Правила каталогизации RCR
901 Тип документа __
t Тип документа b
w Контрольный № источника RU/CBS_Ul/BASE/486553624
910 Корректоры записи __
a Корректор записи Ильина
938 Служебная информация __
a Имя БД period